| 000 | 00647nam a22001815i 4500 | ||
|---|---|---|---|
| 001 | 166455 | ||
| 003 | ES-MaACL | ||
| 005 | 20230906213335.0 | ||
| 008 | 010405s1845 sp |||| |bspa d | ||
| 040 |
_aCCPB | B _bspa _cCCPB | B |
||
| 100 | 1 |
_aToro, Manuel de. _9133306 |
|
| 245 | 1 | 0 |
_aVida militar del general Martín Zurbano, sus hijos y cuñado / _cescrita en verso heróico por Manuel de Toro. |
| 260 |
_aMadrid : _b[s.n.], _c1845 ( _fimprenta de la Sociedad de Operarios del mismo Arte) |
||
| 300 |
_a232 p. ; _c26 cm. |
||
| 600 | 1 | 4 |
_aZurbano, Martín. _9139128 |
| 752 |
_aEspaña - _dMadrid |
||
| 852 |
_aES-MaACL _jC-1726 _z-- Enc. hol. |
||
| 999 |
_c166455 _d166455 |
||